Szczegóły MARC21

The ivory tower and Harry Potter : perspectives on a literary phenomenon /

003 -Nazwa inst., której nr kontr. jest w polu 001 [,]
    • @
    • Nazwa instytucji, której n kontrolny jest w polu 001
    • NUKAT
005 -DATA I CZAS OSTATNIEJ MODYFIKACJI [,]
    • @
    • pole kontrolne
    • 20241231110053.0
020 -Międzynarod. znormalizowany nr książki - ISBN [ , ]
    • a
    • Numer ISBN
    • 0826214436 Find
040 -Instytucja sporządzająca opis [ , ]
    • a
    • Instytucja, która sporządziła opis (NP)
    • POZN U/HC
    • c
    • Instytucja, która sporządziła rekord (NP)
    • POZN U/HC
    • d
    • Instytucja, która zmodyfikowała rekord (P)
    • POZN U/RD
    • d
    • Instytucja, która zmodyfikowała rekord (P)
    • POZN U/DWs
044 -Kraj miejsca wydania [ , ]
    • a
    • Kraj miejsca wydania
    • Stany Zjednoczone po 1988
    • a
    • Kraj miejsca wydania
    • Wielka Brytania po 1988
942 -Rodzaj dokumentu [ , ]
    • c
    • Rodzaj dokumentu
    • Książka
245 -Strefa tytułu i oznaczenia odpowiedzialności [0,4]
    • a
    • Tytuł
    • The ivory tower and Harry Potter : Find
    • b
    • Ciąg dalszy tytułu (NP)
    • perspectives on a literary phenomenon / Find
    • c
    • Pozostałe elementy strefy tytułu i oznaczenia odpowiedzialności (NP)
    • Lana A. Whited, ed.
260 -Strefa adresu wydawniczego [ , ]
    • a
    • Miejsce wydania (P)
    • Columbia ;
    • a
    • Miejsce wydania (P)
    • London :
    • b
    • Nazwa wydawcy (P)
    • University of Missouri Press,
    • c
    • Data wydania (P)
    • cop. 2002.
300 -Strefa opisu fizycznego [ , ]
    • a
    • Określenie formy książki i/lub objętość (NP)
    • X, [2], 408 s. ;
    • c
    • Format (NP)
    • 24 cm.
336 -Typ zawartości [ , ]
    • a
    • Termin opisujący typ zawartości
    • Tekst
    • b
    • Kod określający zawartość
    • txt
    • 2
    • Źródło (terminu i kodu)
    • rdacontent
337 -Typ mediów [ , ]
    • a
    • Tryb odtwarzania
    • Bez urządzenia pośredniczącego
    • b
    • Kod typu mediów
    • n
    • 2
    • Źródło (terminu i kodu)
    • rdamedia
338 -Typ/rodzaj nośnika [ , ]
    • a
    • Hasło opisujące typ nośnika
    • Wolumin
    • b
    • Kod typu nośnika
    • nc
    • 2
    • Źródło (terminu i kodu)
    • rdacarrier
504 -Uwaga dot. bibliogr. załącznikowej [ , ]
    • a
    • Uwaga dot. bibliografii załącznikowej
    • Bibliogr. s. 369-389. Indeks.
080 -Uniwersalna Klasyfikacja Dziesiętna [ , ]
    • 2
    • Identyfikator wydania tablic
    • UDC-P058
    • 9
    • UKD
    • 8493
    • a
    • Symbol klasyfikacji
    • 821.111(091)-93
    • b
    • Dopowiedzenie
    • Literatura angielska (historia). - Literatura dla dzieci i młodzieży (do lat 16).
    • 4
    • UKD2
    • 7644
    • x
    • Poddział wspólny
    • =111
    • c
    • Dopowiedzenie poddz. wspólnego
    • =Język angielski.
600 -Hasło przedmiotowe w formie nazwy osobowej [1,7]
    • a
    • Nazwa osobowa
    • Rowling, J. K.
    • d
    • Daty związane z nazwą
    • (1965- ).
    • t
    • Tytuł
    • Harry Potter series
    • 2
    • Źródło terminu
    • kaba
    • 9
    • KHW
    • 326681
650 -Hasło przedmiotowe [ ,7]
    • a
    • Hasło przedmiotowe
    • Harry Potter (postać fikcyjna).
    • 2
    • Źródło terminu
    • kaba
    • 9
    • KHW
    • 158847
650 -Hasło przedmiotowe [ ,7]
    • a
    • Hasło przedmiotowe
    • Magia
    • x
    • Określnik rzeczowy
    • w literaturze.
    • 2
    • Źródło terminu
    • kaba
    • 9
    • KHW
    • 500231
980 -Symbol UKD [ , ]
    • a
    • UKD
    • 821.111(091)-93=111
700 -Hasło dodatkowe - nazwa osobowa [1, ]
    • a
    • Nazwa osobowa (NP)
    • Whited, Lana A. Find
    • d
    • Daty biograficzne (NP)
    • (1958- ).
    • e
    • Określenie rodzaju współpracy
    • Red.
    • 9
    • KHW
    • 646274
920 -ISBN [ , ]
    • a
    • ISBN
    • 0-8262-1443-6 Find
Numer inwentarzowy Obwoluta Sygnatura Status udost. Lokalizacja Data inwentaryzacji
A.86551ANG. Literatura popularna 031BM2010-05-26